| 000 | 00705cam a22002534a 4500 | ||
|---|---|---|---|
| 999 |
_c5383 _d5383 |
||
| 001 | 10917 | ||
| 003 | BD-DhUAP | ||
| 005 | 20241215110814.0 | ||
| 008 | 201209r20072004ii a b 001 0 eng | ||
| 020 | _a8126510978 | ||
| 020 | _a9788126510979 | ||
| 020 | _a9812530606 | ||
| 040 |
_aDNLM/DLC _cDLC _dBD-DhUAP _bEng |
||
| 082 | 0 | 0 |
_223 _a629.8 NIS |
| 100 | _aNise, Norman S. | ||
| 245 |
_aControl systems engineering / _cNorman S. Nise. |
||
| 250 | _a4th ed. | ||
| 260 |
_aNew Delhi : _bJohn Wiley, _cc2004 [Reprinted 2009]. |
||
| 300 |
_axxii, 983 pages : _billustrations ; _c24 cm. |
||
| 500 | _aIncludes index. | ||
| 650 | _aSystems engineering. | ||
| 650 | _aAutomatic control. | ||
| 942 |
_2ddc _cBK |
||